[Event "Titled Tuesday intern op 5th March"]
[Site "Chess.com INT"]
[Date "2019.03.05"]
[Round "1"]
[White "Krupko, Alexey"]
[Black "Pourramezanali, Amirreza"]
[Result "0-1"]
[WhiteElo "2159"]
[BlackElo "2519"]
[PlyCount "74"]
[EventDate "2019.03.05"]
[EventType "swiss (blitz)"]
[EventRounds "10"]
[EventCountry "USA"]
[SourceTitle "EXT 2021"]
[Source "ChessBase"]
[SourceDate "2020.10.23"]
[SourceVersion "1"]
[SourceVersionDate "2020.10.23"]
[SourceQuality "1"]

1. e4 e6 2. d3 d5 3. Qe2 Nf6 4. Nf3 Nc6 5. g3 dxe4 6. dxe4 Bc5 7. Bg2 0-0 8. 0-0 e5 9. c3 a5 10. a4 b6 11. Qc2 Ba6 12. Rd1 Qe7 13. Bg5 h6 14. Bxf6 Qxf6 15. Nbd2 Rfd8 16. Bf1 Bb7 17. Kg2 Ne7 18. Nc4 Ng6 19. Re1 h5 20. h4 Bc8 21. Ne3 Bxe3 22. Rxe3 Bg4 23. Nd2 Rd7 24. f3 Be6 25. Bc4 Rad8 26. Rd3 Rxd3 27. Bxd3 Rd6 28. Rd1 Nxh4+ 29. gxh4 Qxh4 30. Rh1 Qd8 31. Rxh5 Rxd3 32. Nf1 g6 33. Rh2 Qg5+ 34. Kf2 Bc4 35. Rg2 Rxf3+ 36. Kg1 Rxf1+ 37. Kh2 Qh4# 0-1

[Event "Omelnyk Grokhotov Memorial"]
[Site "Omelnyk"]
[Date "2018.01.03"]
[Round "1"]
[White "Basko, Bogdan"]
[Black "Krupko, Alexey"]
[Result "1/2-1/2"]
[WhiteElo "2158"]
[BlackElo "2256"]
[PlyCount "49"]
[EventDate "2018.01.03"]
[EventType "tourn"]
[EventRounds "11"]
[EventCountry "UKR"]
[SourceTitle "CBM 182 Extra"]
[Source "ChessBase"]
[SourceDate "2018.02.23"]
[SourceVersion "1"]
[SourceVersionDate "2018.02.23"]
[SourceQuality "1"]

1. d4 Nf6 2. c4 c5 3. d5 b5 4. Qc2 Na6 5. a3 bxc4 6. e4 e6 7. Bxc4 Nc7 8. Nc3 exd5 9. exd5 Bd6 10. Nge2 Be5 11. 0-0 d6 12. h3 0-0 13. Bg5 h6 14. Bh4 Re8 15. Rad1 Qd7 16. f4 Bxc3 17. Nxc3 Nh7 18. Rfe1 Ba6 19. Bxa6 Nxa6 20. Re2 Nc7 21. Rde1 Rxe2 22. Rxe2 Re8 23. Qd3 Rxe2 24. Qxe2 Nf8 25. Qe4 1/2-1/2

[Event "Kremennaya Barbashova Memorial"]
[Site "Kremennaya"]
[Date "2017.06.27"]
[Round "8"]
[White "Krupko, Alexey"]
[Black "Frolov, Artur"]
[Result "0-1"]
[WhiteElo "2261"]
[BlackElo "2399"]
[PlyCount "108"]
[EventDate "2017.06.23"]
[EventType "tourn"]
[EventRounds "11"]
[EventCountry "UKR"]
[EventCategory "1"]
[SourceTitle "EXT 2018"]
[Source "ChessBase"]
[SourceDate "2017.10.13"]
[SourceVersion "1"]
[SourceVersionDate "2017.10.13"]
[SourceQuality "1"]

1. Nf3 d5 2. g3 Nf6 3. Bg2 c6 4. 0-0 Bg4 5. d4 Nbd7 6. Nbd2 e6 7. Re1 Be7 8. e4 0-0 9. e5 Ne8 10. h3 Bf5 11. Nb3 a5 12. a4 Nc7 13. Bd2 b6 14. Nh2 h6 15. Ng4 Bh7 16. h4 Kh8 17. Rc1 c5 18. c4 cxd4 19. Nxd4 Nc5 20. cxd5 Nxd5 21. Bf1 Rc8 22. Bb5 Rc7 23. Nc6 Rxc6 24. Bxc6 Nd3 25. Bb5 Nxc1 26. Qxc1 Qb8 27. Bxh6 gxh6 28. Qxh6 Rg8 29. Bd3 Rg7 30. Kh2 Qd8 31. Rc1 Ne3 32. Qxe3 Qxd3 33. Qxd3 Bxd3 34. f3 Be2 35. Kg2 Rg8 36. Nh6 Rf8 37. Rc7 Kg7 38. Rxe7 Kxh6 39. Rb7 Bc4 40. Rxb6 Rd8 41. b4 Rd4 42. bxa5 Bd5 43. Rb2 Rxa4 44. Rc2 Kg6 45. Rc3 Ra2+ 46. Kf1 Kf5 47. Re3 Rxa5 48. Kf2 Rb5 49. Re2 Rb3 50. Re3 Rxe3 51. Kxe3 Kxe5 52. g4 Kf6 53. Kf4 e5+ 54. Kg3 Kg7 0-1

[Event "Mukachevo Rating 31st"]
[Site "Mukachevo"]
[Date "2016.11.23"]
[Round "7"]
[White "Petrova, Irina"]
[Black "Krupko, Alexey"]
[Result "0-1"]
[WhiteElo "2184"]
[BlackElo "2267"]
[PlyCount "68"]
[EventDate "2016.11.19"]
[EventType "tourn"]
[EventRounds "9"]
[EventCountry "UKR"]
[EventCategory "2"]
[SourceTitle "CBM 175 Extra"]
[Source "ChessBase"]
[SourceDate "2016.12.12"]
[SourceVersion "1"]
[SourceVersionDate "2016.12.12"]
[SourceQuality "1"]

1. d4 Nf6 2. Bg5 Ne4 3. Bf4 d6 4. f3 Nf6 5. e4 Nbd7 6. Be3 g6 7. Nc3 c6 8. Qd2 b5 9. 0-0-0 Nb6 10. g4 h6 11. h4 b4 12. Nb1 a5 13. Nh3 Qc7 14. Bd3 e5 15. dxe5 dxe5 16. g5 Bxh3 17. gxf6 Be6 18. Qf2 Nd7 19. Nd2 Nxf6 20. Nc4 Nd7 21. f4 exf4 22. Bxf4 Qa7 23. Qg3 a4 24. Be2 b3 25. cxb3 a3 26. Bg4 axb2+ 27. Nxb2 Bg7 28. Bxe6 Bxb2+ 29. Kxb2 Qxa2+ 30. Kc1 Qa1+ 31. Kc2 Ra2+ 32. Kd3 Nc5+ 33. Kc4 Rc2+ 34. Kb4 Na6# 0-1

[Event "Mukachevo Rating 31st"]
[Site "Mukachevo"]
[Date "2016.11.22"]
[Round "6"]
[White "Krupko, Alexey"]
[Black "Strebkovs, Andrejs"]
[Result "1-0"]
[WhiteElo "2267"]
[BlackElo "2336"]
[PlyCount "95"]
[EventDate "2016.11.19"]
[EventType "tourn"]
[EventRounds "9"]
[EventCountry "UKR"]
[EventCategory "2"]
[SourceTitle "CBM 175 Extra"]
[Source "ChessBase"]
[SourceDate "2016.12.12"]
[SourceVersion "1"]
[SourceVersionDate "2016.12.12"]
[SourceQuality "1"]

1. e4 d5 2. exd5 Qxd5 3. Nc3 Qd6 4. d4 Nf6 5. Nf3 c6 6. Ne5 Nbd7 7. Nc4 Qc7 8. Qf3 Nb6 9. Bf4 Qd7 10. 0-0-0 Qg4 11. Qxg4 Bxg4 12. f3 Be6 13. Nxb6 axb6 14. a4 0-0-0 15. Be2 g6 16. Be5 Bh6+ 17. Kb1 Rhe8 18. g4 Nd5 19. Nxd5 Bxd5 20. c4 Be6 21. Kc2 f6 22. Bg3 Be3 23. Kc3 c5 24. d5 Bf7 25. f4 e6 26. Bf3 exd5 27. cxd5 Bd4+ 28. Rxd4 cxd4+ 29. Kxd4 f5 30. gxf5 gxf5 31. Rc1+ Kb8 32. Bh4 Rd7 33. Rd1 Re6 34. Bg5 Rc6 35. b4 Rc2 36. Ke5 Rf2 37. Rd3 Rxh2 38. d6 Ra2 39. Be7 Bc4 40. Rd4 b5 41. Kxf5 Rxa4 42. Bd5 b6 43. Ke6 Raa7 44. Bxc4 bxc4 45. Rxc4 b5 46. Rc5 Rdb7 47. f5 Ra1 48. f6 1-0

[Event "EU-ch rapid"]
[Site "Minsk"]
[Date "2015.12.19"]
[Round "7"]
[White "Tukhaev, Adam"]
[Black "Krupko, Alexey"]
[Result "1-0"]
[WhiteElo "2564"]
[BlackElo "2274"]
[PlyCount "55"]
[EventDate "2015.12.19"]
[EventType "swiss (rapid)"]
[EventRounds "11"]
[EventCountry "BLR"]
[SourceTitle "EXT 2017"]
[Source "ChessBase"]
[SourceDate "2016.10.25"]
[SourceVersion "1"]
[SourceVersionDate "2016.10.25"]
[SourceQuality "1"]

1. e4 e6 2. d4 d5 3. e5 c5 4. c3 Qb6 5. Nf3 Nc6 6. Na3 Bd7 7. Nc2 f6 8. Bd3 c4 9. Be2 g6 10. Rb1 Qa5 11. b4 Qc7 12. b5 Nce7 13. h4 h6 14. Ba3 Bg7 15. Bd6 Qa5 16. Bb4 Qd8 17. Qd2 Nc8 18. exf6 Qxf6 19. Ne5 Nge7 20. h5 g5 21. Ne3 Rf8 22. 0-0 Kd8 23. a4 Be8 24. Bg4 Nb6 25. g3 Nd7 26. f4 gxf4 27. Rxf4 Qg5 28. Nf3 1-0

[Event "Yuzhny op"]
[Site "Yuzhny"]
[Date "2011.09.04"]
[Round "2"]
[White "Avetisian, Tigran"]
[Black "Krupko, Alexey"]
[Result "1/2-1/2"]
[WhiteElo "2016"]
[BlackElo "2232"]
[PlyCount "143"]
[EventDate "2011.09.03"]
[EventType "swiss"]
[EventRounds "9"]
[EventCountry "UKR"]
[SourceTitle "CBM 144 Extra"]
[Source "ChessBase"]
[SourceDate "2011.10.28"]
[SourceVersion "1"]
[SourceVersionDate "2011.10.28"]
[SourceQuality "1"]

1. d4 Nf6 2. c4 g6 3. Nc3 Bg7 4. e4 d6 5. Be2 0-0 6. Bg5 Na6 7. Qd2 e5 8. d5 c6 9. f3 cxd5 10. cxd5 Bd7 11. Bd1 b5 12. a3 Qa5 13. Nge2 Rfc8 14. 0-0 Rc4 15. Bc2 Rac8 16. Bd3 R4c7 17. Be3 Rb7 18. b4 Qd8 19. a4 Nxb4 20. axb5 Nxd3 21. Qxd3 Ra8 22. Ra6 Qb8 23. Rb1 Ne8 24. b6 axb6 25. Raxb6 Rxb6 26. Rxb6 Ra1+ 27. Kf2 Qd8 28. g3 f5 29. exf5 gxf5 30. Ra6 Rxa6 31. Qxa6 Qc8 32. Qb6 Qc7 33. Qa6 Qb8 34. Bb6 Qc8 35. Qa5 Qb7 36. Be3 Bf6 37. Na4 Qb5 38. Qxb5 Bxb5 39. Nec3 Bc4 40. Nb6 Bb3 41. g4 f4 42. Bc1 e4 43. Nb5 e3+ 44. Ke1 Bh4+ 45. Ke2 Bd8 46. Nd4 Ba2 47. Nc8 Bc4+ 48. Kd1 Bxd5 49. Ke2 Bc4+ 50. Kd1 Ba6 51. Na7 Bb6 52. Nac6 Kf7 53. Ne2 Bb7 54. Ncd4 Nf6 55. Bb2 Nd5 56. Ba3 Nc3+ 57. Kc2 Nxe2 58. Nxe2 Bxf3 59. Nxf4 Be4+ 60. Kd1 d5 61. h3 d4 62. Ke2 Bc7 63. Nd3 Ke6 64. Bc5 Kd5 65. Ba7 Bd8 66. Nf4+ Kc4 67. Bxd4 Kxd4 68. Ne6+ Ke5 69. Nxd8 Bg2 70. Kxe3 Bxh3 71. Kf3 Bxg4+ 72. Kxg4 1/2-1/2

[Event "UKR-chT Clubs"]
[Site "Alushta"]
[Date "2011.05.19"]
[Round "7.2"]
[White "Reutov, Andrey Al"]
[Black "Krupko, Alexey"]
[Result "0-1"]
[WhiteElo "2206"]
[BlackElo "2165"]
[PlyCount "108"]
[EventDate "2011.05.13"]
[EventType "team-tourn"]
[EventRounds "9"]
[EventCountry "UKR"]
[SourceTitle "CBM 142 Extra"]
[Source "ChessBase"]
[SourceDate "2011.06.27"]
[SourceVersion "1"]
[SourceVersionDate "2011.06.27"]
[SourceQuality "1"]
[WhiteTeam "Kiev Kashtan"]
[BlackTeam "Chernigov With no mercy"]
[WhiteTeamCountry "UKR"]
[BlackTeamCountry "UKR"]

1. d4 Nf6 2. g3 g6 3. Bg2 Bg7 4. Nf3 0-0 5. 0-0 d6 6. c4 Nbd7 7. Nc3 c6 8. e4 e5 9. h3 Qb6 10. dxe5 dxe5 11. b3 Re8 12. Be3 Qb4 13. Qd2 Bf8 14. Ne1 Bc5 15. Nc2 Bxe3 16. Qxe3 Qe7 17. Rad1 Nc5 18. Qd2 a5 19. Qd6 Qxd6 20. Rxd6 Kg7 21. Rfd1 Nfd7 22. Ne3 Nf8 23. Nc2 Nfe6 24. Kh2 Nc7 25. Ne1 N7a6 26. Nd3 Nxd3 27. R6xd3 Nc5 28. R3d2 f6 29. h4 Kf7 30. Bh3 Bxh3 31. Kxh3 Re7 32. f3 Ne6 33. Ne2 c5 34. Kg2 Nd4 35. Nc3 Ra6 36. Kf2 Ke6 37. Nd5 Rf7 38. Nc3 f5 39. exf5+ gxf5 40. Re1 Rd6 41. Ne2 Kf6 42. Nc3 Rfd7 43. g4 Rg7 44. Nd5+ Rxd5 45. g5+ Ke6 46. cxd5+ Kxd5 47. Rg1 b5 48. h5 c4 49. bxc4+ bxc4 50. g6 c3 51. h6 Rxg6 52. Rxd4+ exd4 53. Rxg6 c2 54. Rg1 Kc4 0-1

[Event "Zaporozhye Ermak Cup 6th"]
[Site "Zaporozhye"]
[Date "2010.06.27"]
[Round "8"]
[White "Ivanov, Oleg V"]
[Black "Krupko, Alexey"]
[Result "1-0"]
[WhiteElo "2491"]
[BlackElo "2165"]
[PlyCount "109"]
[EventDate "2010.06.23"]
[EventType "swiss"]
[EventRounds "9"]
[EventCountry "UKR"]
[SourceTitle "CBM 137 Extra"]
[Source "ChessBase"]
[SourceDate "2010.09.01"]
[SourceVersion "1"]
[SourceVersionDate "2010.09.01"]
[SourceQuality "1"]

1. e4 c5 2. Nf3 d6 3. d4 cxd4 4. Nxd4 Nf6 5. f3 e5 6. Bb5+ Nbd7 7. Nf5 a6 8. Ba4 b5 9. Bb3 Nc5 10. Ne3 Be7 11. Nc3 0-0 12. Ncd5 Nxb3 13. axb3 Be6 14. 0-0 a5 15. Qd3 Nxd5 16. Nxd5 Bxd5 17. Qxd5 Qb6+ 18. Kh1 Rfc8 19. c3 a4 20. Re1 Qf2 21. Bd2 Rab8 22. b4 h5 23. Qd3 h4 24. Rf1 Qb6 25. Be3 Qc6 26. Rfd1 g6 27. Kg1 Kg7 28. Kf2 Qc4 29. Qxc4 Rxc4 30. Ke2 f5 31. Kd3 Rd8 32. Rxa4 d5 33. Ra7 dxe4+ 34. Ke2 exf3+ 35. gxf3 Rxd1 36. Kxd1 Kf6 37. Ra6+ Kf7 38. Ra7 Ke6 39. Ra6+ Kf7 40. Rb6 g5 41. Rxb5 Ke6 42. Rb6+ Kd5 43. Rb7 Ke6 44. b5 g4 45. fxg4 fxg4 46. Rb8 Re4 47. Bf2 g3 48. hxg3 h3 49. Bg1 Kf5 50. b6 Rg4 51. Re8 Bd6 52. Rd8 Ra4 53. Rxd6 Ra1+ 54. Kc2 Rxg1 55. b7 1-0

[Event "UKR-chT 17th"]
[Site "Alushta"]
[Date "2010.05.19"]
[Round "10.2"]
[White "Krupko, Alexey"]
[Black "Sevostianov, Pavel"]
[Result "1/2-1/2"]
[WhiteElo "2165"]
[BlackElo "2245"]
[PlyCount "48"]
[EventDate "2010.05.13"]
[EventType "team-tourn"]
[EventRounds "11"]
[EventCountry "UKR"]
[SourceTitle "EXT 2019"]
[Source "ChessBase"]
[SourceDate "2018.10.10"]
[SourceVersion "1"]
[SourceVersionDate "2018.10.10"]
[SourceQuality "1"]
[WhiteTeam "Tschernihiw No Mercy"]
[BlackTeam "Kerkinitida Eupatoria"]
[WhiteTeamCountry "UKR"]
[BlackTeamCountry "UKR"]

1. e4 e5 2. Nf3 Nc6 3. Bc4 Nf6 4. Ng5 d5 5. exd5 Na5 6. Bb5+ Bd7 7. Qe2 Bd6 8. Nc3 0-0 9. Bxd7 Qxd7 10. 0-0 Rfe8 11. a3 b6 12. d3 Bf8 13. Qf3 Rad8 14. Bd2 Nb7 15. Rfe1 Nxd5 16. Qg3 Nxc3 17. Bxc3 f6 18. Ne4 Qf5 19. Re3 Nd6 20. Rae1 Qg6 21. Nxd6 cxd6 22. Qh4 d5 23. Rg3 Qf7 24. Bb4 Bc5 1/2-1/2